[Event "Druzynowe Mistrzostwa Polski Juniorow - II liga"]
[Site "Sypniewo k. Jastrowia"]
[Date "2023-06-18"]
[Round "5.65"]
[White "Mitrega, Wiktoria"]
[Black "Moscicka, Alicja"]
[Result "1/2-1/2"]
[WhiteTitle "I"]
[BlackTitle "II"]
[WhiteElo "1348"]
[BlackElo "1181"]

1. c4 2. Nf6 3. Nf3 4. g6 5. Nc3 6. Bg7 7. e3 8. d6 9. Qc2 10. O-O 11. Be2 12.
e5 13. O-O 14. Nc6 15. a3 16. a5 17. Rb1 18. Be6 19. d3 20. Ne7 21. b4 22. axb4
23. axb4 24. Rb8 25. b5 26. Nd7 27. e4 28. Nc5 29. Ba3 30. f5 31. Bxc5 32. dxc5
33. Rfd1 34. b6 35. h3 36. c6 37. Ng5 38. Bd7 39. Qb3 40. h6 41. Nf3 42. Kh7 43.
Ra1 44. Ra8 45. Ra4 46. cxb5 47. cxb5 48. Qc8 49. Rda1 50. Rxa4 51. Rxa4 52. Be6
53. Qa3 54. Qd7 55. Ra6 56. Rb8 57. Qb2 58. Nc8 59. Ne1 60. Nd6 61. f3 62. fxe4
63. fxe4 64. c4 65. Kh2 66. cxd3 67. Nxd3 68. Bc4 69. Nf2 70. Qf7 71. Bxc4 72.
Nxc4 73. Qe2 74. Nd6 75. Nd5 76. Nc8 77. Ng4 78. h5 79. Nge3 80. Qe6 81. Qc2 82.
Nd6 83. Qc6 84. Bf8 85. Rxb6 86. Rxb6 87. Qxb6 88. Qf7 89. Qc6 90. Nxe4 91. b6
92. Nd6 93. Nc4 94. Nb7 95. Nxe5 Bd6 96. Nf6+ 97. Qxf6 98. Qxb7+ 99. Kg8 100.
Qc8+ 101. Kh7 102. g3 103. Qf2+ 1/2-1/2

[Event "Druzynowe Mistrzostwa Polski Juniorow - II liga"]
[Site "Sypniewo k. Jastrowia"]
[Date "2023-06-18"]
[Round "5.66"]
[White "Woytitzki, Maja"]
[Black "Piotrowska, Weronika"]
[Result "1-0"]
[WhiteTitle "I"]
[BlackTitle "II"]
[WhiteElo "1233"]
[BlackElo "1032"]

1. e4 2. e5 3. Nf3 4. Nc6 5. d4 6. exd4 7. Nxd4 8. Bc5 9. Be3 10. Bb6 11. Bc4 12.
Nf6 13. O-O 14. h6 15. Nc3 16. O-O 17. Re1 18. Ba5 19. Nxc6 20. dxc6 21. Bc5 22.
Qxd1 23. Raxd1 24. Re8 25. f3 26. Bxc3 27. bxc3 28. Be6 29. Bxe6 30. Rxe6 31.
Kf2 32. b6 33. Bd4 34. c5 35. Bxf6 36. Rxf6 37. Rd7 38. Rd6 39. Rxc7 40. Rd2+
41. Re2 42. Rd1 43. c4 44. Ra1 45. c3 46. Rc1 47. Re3 48. Rc2+ 49. Kg3 50. Rxa2
51. e5 52. Rd2 53. Rb7 54. Rdd8 55. e6 56. fxe6 57. Rxe6 58. Rdb8 59. Ree7 60.
Rxb7 61. Rxb7 62. Kf8 63. Kg4 64. a5 65. Rxb6 66. a4 67. Rb2 68. a3 69. Ra2 70.
g6 71. f4 72. Kf7 73. f5 74. Ra4 75. fxg6+ 76. Kxg6 77. Kf3 78. Kf5 79. g4+ 80.
Kg5 81. Kg3 82. Rxc4 83. h4+ 84. Kg6 85. Rxa3 86. Kf6 87. Kf3 88. Kg6 89. Ra6+
90. Kg7 91. h5 92. Rxc3+ 93. Kf4 94. Rh3 95. Rc6 96. Rc3 97. Ke5 98. Rg3 99. Rg6+
100. Kh7 101. Kd5 102. Rc3 103. Rc6 104. Kg7 105. Ke4 106. c4 107. Ke5 108. Re3+
109. Kd4 110. Rg3 111. Rg6+ 112. Kh7 113. Kxc4 114. Rg1 115. Kd3 116. Rf1 117.
Ke2 118. Rf4 119. Ke3 120. Rf1 121. Ke4 122. Rf2 123. Ke5 124. Rf1 125. Ke6 126.
Rf3 127. Rf6 128. Rg3 129. Rf4 130. Rg1 131. Kf6 132. Rg2 133. Kf7 134. Rg1 135.
Kf6 136. Rg2 137. Re4 138. Rf2+ 139. Ke5 140. Rf1 141. Kd4 142. Rf2 143. Ke3 144.
Rf1 145. Rf4 146. Re1+ 147. Kf2 148. Re5 149. Rf5 150. Rxf5+ 151. gxf5 152. Kg7
153. Kf3 154. Kf7 155. Ke4 156. Kf6 157. Kf4 158. Kf7 159. Ke5 160. Ke7 161. f6+
1-0

[Event "Druzynowe Mistrzostwa Polski Juniorow - II liga"]
[Site "Sypniewo k. Jastrowia"]
[Date "2023-06-18"]
[Round "5.67"]
[White "Guzik, Michal"]
[Black "Kordowski, Karol"]
[Result "0-1"]
[WhiteTitle "I"]
[BlackTitle "II"]
[WhiteElo "1444"]
[BlackElo "1351"]

1. e4 2. d5 3. exd5 4. Nf6 5. c4 6. e6 7. dxe6 8. Bxe6 9. Nc3 10. Nc6 11. Nf3 12.
Bc5 13. Be2 14. O-O 15. O-O 16. Re8 17. a3 18. a5 19. h3 20. Qd7 21. Nb5 22. Nd4
23. Nbxd4 24. Bxd4 25. Rb1 26. Bf5 27. d3 28. Rxe2 29. Qxe2 30. Bxd3 31. Qd1 32.
Bxf1 33. Kxf1 34. c5 35. Nxd4 36. Rd8 37. b4 38. axb4 39. axb4 40. cxd4 41. Qd3
42. Qd6 43. c5 44. Qh2 45. Be3 46. Nd5 47. Bg5 48. f6 49. Qe4 50. Qh1+ 51. Ke2
52. Qxb1 53. Qxb1 54. Nc3+ 55. Kd3 56. Nxb1 57. Bf4 58. Nc3 59. f3 60. Kf7 61.
Kc4 62. Ke6 63. g4 64. Ne2 65. Bd2 66. d3 67. b5 68. Ng3 69. c6 70. Nf1 71. Bf4
72. bxc6 0-1

[Event "Druzynowe Mistrzostwa Polski Juniorow - II liga"]
[Site "Sypniewo k. Jastrowia"]
[Date "2023-06-18"]
[Round "5.68"]
[White "Zimny, Karol"]
[Black "Oberc, Szymon"]
[Result "1/2-1/2"]
[WhiteTitle "II"]
[BlackTitle "II+"]
[WhiteElo "1403"]
[BlackElo "1427"]

1. e4 2. c5 3. c3 4. d5 5. exd5 6. Qxd5 7. d4 8. cxd4 9. cxd4 10. Nc6 11. Nf3 12.
e6 13. Nc3 14. Qa5 15. Bc4 16. Nf6 17. O-O 18. Be7 19. Bd2 20. Qd8 21. Bf4 22.
a6 23. a4 24. O-O 25. Re1 26. Re8 27. d5 28. Na5 29. Ba2 30. exd5 31. Bxd5 32.
Bg4 33. h3 34. Bh5 35. g4 36. Bg6 37. Ne5 38. Rc8 39. Qf3 40. Rxc3 41. Bxf7+ 42.
Bxf7 43. bxc3 44. Bd5 45. Qd3 46. Nb3 47. Rad1 48. Nc5 49. Qf5 50. b5 51. axb5
52. axb5 53. Nc6 54. g6 55. Nxe7+ 56. Rxe7 57. Qg5 58. Nce4 59. Qh4 60. Qf8 61.
Bh6 62. Qf7 63. Bg5 64. Qf8 1/2-1/2

[Event "Druzynowe Mistrzostwa Polski Juniorow - II liga"]
[Site "Sypniewo k. Jastrowia"]
[Date "2023-06-18"]
[Round "5.69"]
[White "Panasiuk, Stanislaw"]
[Black "Kordowski, Lukasz"]
[Result "0-1"]
[WhiteTitle "II"]
[BlackTitle "II"]
[WhiteElo "1200"]
[BlackElo "1184"]

1. e4 2. d5 3. exd5 4. Nf6 5. Bb5+ 6. c6 7. dxc6 8. bxc6 9. Bc4 10. g6 11. Nf3
12. Bg7 13. O-O 14. O-O 15. Nc3 16. Nbd7 17. d4 18. Nb6 19. Bb3 20. Ba6 21. Re1
22. e6 23. Ne5 24. Qc7 25. Bf4 26. Nh5 27. Qf3 28. Nxf4 29. Qxf4 30. Nd5 31. Nxd5
32. cxd5 33. c3 34. Rac8 35. Qg3 36. Qb7 37. Rac1 38. Bc4 39. Bxc4 40. dxc4 41.
Rb1 42. Qa6 43. a3 44. Bxe5 45. Qxe5 46. Rfd8 47. h3 48. Rd5 49. Qe4 50. Qb6 51.
Qc2 52. Rb5 53. Re5 54. Rb3 55. Re2 56. Rb8 57. Kf1 58. Rxa3 59. Ree1 60. Rb3
61. Re2 Qa5 62. Ree1 63. Qa2 64. Ra1 65. Qxb2 66. Qxb2 67. Rxb2 68. Rxa7 Rc2 69.
Ra3 70. Rbb2 71. Kg1 72. Rxf2 73. Ra4 74. Rxg2+ 75. Kh1 76. Rh2+ 77. Kg1 Rxh3
78. Rxc4 79. Rc2 80. Rc8+ 81. Kg7 82. c4 83. Rhc3 84. c5 85. Rd3 86. Rd8 87. Rxc5
88. dxc5 89. Rxd8 90. Rc1 91. Rc8 92. Kf2 93. Kf6 94. Ke3 95. Ke5 96. Kf3 97.
Rc7 98. Kg4 99. f6 100. Rh1 101. h5+ 102. Kf3 103. Rxc5 104. Re1+ 105. Kf5 106.
Rf1 107. g5 108. Kg3+ 109. Kg6 110. Kh3 111. g4+ 112. Kg3 113. Rc3+ 114. Kg2 115.
e5 116. Re1 117. h4 118. Rh1 119. Rc2+ 120. Kg1 121. Rc1+ 122. Kg2 123. Rxh1 124.
Kxh1 125. Kg5 126. Kg2 127. Kf4 128. Kf2 129. e4 130. Kf1 131. Kf3 132. Kg1 133.
e3 0-1

[Event "Druzynowe Mistrzostwa Polski Juniorow - II liga"]
[Site "Sypniewo k. Jastrowia"]
[Date "2023-06-18"]
[Round "5.70"]
[White "Karnowka, Kacper"]
[Black "Wojtun, Maksymilian"]
[Result "0-1"]
[WhiteTitle "II"]
[BlackTitle "II"]
[WhiteElo "1151"]
[BlackElo "1126"]

1. e4 2. e5 3. Nf3 4. Nc6 5. Nc3 6. Nf6 7. d4 8. exd4 9. Nxd4 10. Bb4 11. Nxc6
12. bxc6 13. Bd2 14. O-O 15. Bd3 16. Re8 17. O-O 18. Bxc3 19. Bxc3 20. Nxe4 21.
Bxe4 22. Rxe4 23. Qf3 24. Re6 25. Rfe1 26. d5 27. Rxe6 28. Bxe6 29. Qg3 30. d4
31. Rd1 32. c5 33. b4 34. Qe7 35. Bb2 36. Rb8 37. c3 38. Re8 39. cxd4 40. Bxa2
41. f3 42. Qe2 43. Rf1 44. Qxb2 45. dxc5 46. Qxb4 47. Qxc7 48. h6 49. Qxa7 50.
Bc4 51. c6 52. Re1 53. Qa8+ 54. Kh7 55. Qa1 56. Qc5+ 57. Kh1 58. Rxf1+ 59. Qxf1
60. Bxf1 61. c7 62. Qf2 63. c8=Q 64. Qxg2# 0-1

[Event "Druzynowe Mistrzostwa Polski Juniorow - II liga"]
[Site "Sypniewo k. Jastrowia"]
[Date "2023-06-18"]
[Round "5.71"]
[White "Niedorys, Karolina"]
[Black "Czerwinska, Oliwia"]
[Result "1/2-1/2"]
[WhiteTitle "I+"]
[BlackTitle "I"]
[WhiteElo "1519"]
[BlackElo "1431"]

1. e4 2. e5 3. Nf3 4. Nc6 5. Nc3 6. Nf6 7. d4 8. exd4 9. Nxd4 10. Bb4 11. Nxc6
12. bxc6 13. Bd3 14. O-O 15. O-O 16. d5 17. exd5 18. cxd5 19. Bg5 20. c6 21. Qf3
22. Be7 23. Rfe1 24. Rb8 25. Qg3 26. Be6 27. Re5 28. Re8 29. Bh6 30. Ng4 31. Rxe6
32. fxe6 33. Qxg4 34. Bf6 35. Na4 36. Qa5 37. c3 38. e5 39. Bc2 40. c5 41. Qf5
42. e4 43. Qxd5+ 44. Kh8 45. Qf5 46. Re5 47. Qf4 48. Rf8 49. Rd1 50. gxh6 51.
Rd7 52. Re7 53. Rxe7 54. Bxe7 55. Qxe4 56. Rf7 57. Qe5+ 58. Rg7 59. Qb8+ 60. Qd8
61. Qxd8+ 1/2-1/2

[Event "Druzynowe Mistrzostwa Polski Juniorow - II liga"]
[Site "Sypniewo k. Jastrowia"]
[Date "2023-06-19"]
[Round "6.1"]
[White "Stepinski, Piotr"]
[Black "Stachecki, Mikolaj"]
[Result "0-1"]
[WhiteTitle "I"]
[BlackTitle "I++"]
[WhiteElo "1845"]
[BlackElo "2016"]

1. e4 2. c5 3. Nf3 4. Nc6 5. Bb5 6. g6 7. O-O 8. Bg7 9. c3 10. Nf6 11. Re1 12.
O-O 13. d4 14. d5 15. e5 16. Ne4 17. Nbd2 18. cxd4 19. Bxc6 20. bxc6 21. cxd4
22. c5 23. Nxe4 24. dxe4 25. Rxe4 26. Bb7 27. Re1 28. Bxf3 29. Qxf3 30. Qxd4 31.
Qe3 Rfd8 32. Qxd4 33. cxd4 34. Bf4 35. Rd5 36. Rad1 37. Rc8 38. Rd2 39. Bxe5 40.
Bxe5 41. Rxe5 42. Red1 43. Rd5 44. f4 45. Rcd8 46. Rc1 47. f6 48. Rc7 49. R5d7
50. Rc6 51. Kf7 52. Kf2 53. e5 54. Kf3 55. Rd6 56. Rc5 57. Rd5 58. Rc6 59. R8d6
60. Rc7+ 61. Rd7 62. Rc6 63. R5d6 64. Rc5 65. exf4 66. Kxf4 67. f5 68. g4 69.
fxg4 70. Kxg4 71. h5+ 72. Kf4 73. Kf6 74. Re5 75. d3 76. Re4 77. g5+ 78. Ke3 79.
Rd5 80. b4 81. g4 82. a4 83. Rf5 84. Re8 85. h4 86. Ke4 87. Rg5 88. Rxd3 89. Rxd3
90. Kxd3 91. g3 92. hxg3 93. hxg3 94. Re1 95. Kf5 96. Rg1 97. Kf4 98. b5 99. g2
100. Kc4 101. Kf3 102. a5 103. a6 104. Rxg2 105. Kxg2 106. Kd4 0-1

[Event "Druzynowe Mistrzostwa Polski Juniorow - II liga"]
[Site "Sypniewo k. Jastrowia"]
[Date "2023-06-19"]
[Round "6.2"]
[White "Starosciak, Szymon"]
[Black "Haladaj, Adam"]
[Result "1-0"]
[WhiteTitle "I++"]
[BlackTitle "I"]
[WhiteElo "1928"]
[BlackElo "1620"]

1. e4 2. c5 3. Nf3 4. Nc6 5. d4 6. cxd4 7. Nxd4 8. g6 9. c4 10. Bg7 11. Be3 12.
Nf6 13. Nc3 14. Ng4 15. Qxg4 16. Nxd4 17. Qd1 18. Ne6 19. Qd2 20. O-O 21. Be2
22. b6 23. O-O 24. Bb7 25. f3 26. Bc6 27. Nb5 28. f5 29. exf5 30. Rxf5 31. Nd4
32. Nxd4 33. Bxd4 34. Bxd4+ 35. Qxd4 36. Qc7 37. Rae1 38. e6 39. Bd3 40. Rf4 41.
Qe5 42. Qxe5 43. Rxe5 44. Rd4 45. Rd1 46. Rc8 47. Kf2 48. Kg7 49. g3 50. Bb7 51.
Ke3 52. Rd6 53. b3 54. Kf6 55. f4 56. h6 57. h4 58. Rc5 59. Rxc5 60. bxc5 61.
g4 62. Kg7 63. h5 64. g5 65. fxg5 66. hxg5 67. Rf1 68. e5 69. Rf5 70. Re6 71.
Rxg5+ 72. Kh6 73. Rf5 74. Bc6 75. Be2 76. a5 77. g5+ 78. Kg7 79. Bd3 80. e4 81.
Be2 82. d6 83. Bg4 84. Be8 85. Rd5 86. Re5 87. Rxe5 88. dxe5 89. Kxe4 90. a4 91.
bxa4 92. Bxa4 93. Kxe5 94. Bc2 95. Kd5 1-0

[Event "Druzynowe Mistrzostwa Polski Juniorow - II liga"]
[Site "Sypniewo k. Jastrowia"]
[Date "2023-06-19"]
[Round "6.3"]
[White "Gawlik, Olivier"]
[Black "Ratajczak, Hubert"]
[Result "1-0"]
[WhiteTitle "II+"]
[BlackTitle "I"]
[WhiteElo "1530"]
[BlackElo "1958"]

1. e4 2. c5 3. Nf3 4. Nc6 5. Bb5 6. Nd4 7. Nxd4 8. cxd4 9. O-O 10. a6 11. Be2 12.
e6 13. c3 14. d5 15. Qa4+ 16. Bd7 17. Qxd4 18. dxe4 19. Qxe4 20. Bc6 21. Qe3 22.
Nf6 23. d4 24. Bd6 25. Bf3 26. Nd5 27. Bxd5 28. Bxd5 29. Nd2 30. O-O 31. c4 32.
Bc6 33. b3 34. Qh4 35. h3 Rfd8 36. Bb2 37. Rac8 38. Rfd1 39. b5 40. Rac1 41. bxc4
42. bxc4 43. Bf4 44. Qd3 45. Qg5 46. g3 47. Bb8 48. Ne4 49. Qf5 50. d5 51. exd5
52. Nf6+ 53. Qxf6 54. Bxf6 55. gxf6 56. cxd5 57. Bb5 58. Qf5 59. Rxc1 60. Rxc1
61. Kg7 62. Rc8 63. Bd7 64. Rxd8 65. Bxf5 66. Rxb8 67. Bxh3 68. Kh2 69. Bd7 70.
Rb7 71. Bb5 72. d6 73. Kf8 74. Rb8+ 75. Kg7 76. Rxb5 1-0

[Event "Druzynowe Mistrzostwa Polski Juniorow - II liga"]
[Site "Sypniewo k. Jastrowia"]
[Date "2023-06-19"]
[Round "6.4"]
[White "Prokopiuk, Jakub"]
[Black "Szymczyk, Jan"]
[Result "1-0"]
[WhiteTitle "I"]
[BlackTitle "II"]
[WhiteElo "1522"]
[BlackElo "1304"]

1. e4 2. e5 3. Nf3 4. Nc6 5. Bc4 6. Bc5 7. d3 8. Nf6 9. O-O 10. d6 11. h3 12. O-O
13. Bg5 14. h6 15. Bh4 16. a6 17. a3 18. b5 19. Bd5 20. Bb7 21. Qd2 22. Rb8 23.
b4 24. Bd4 25. c3 26. Bb6 27. Qc1 28. Qe7 29. Nh2 30. g5 31. Bxg5 32. hxg5 33.
Qxg5+ 34. Kh8 35. Bxc6 36. Bxc6 37. Ng4 38. Ng8 39. Qh5+ 40. Kg7 41. Ne3 42. Bxe3
43. fxe3 44. Qe6 45. Rf5 46. Nh6 47. Rf3 48. Be8 49. Qg5+ 50. Qg6 51. Qh4 52.
Kh7 53. Rf6 54. Qg7 55. g4 56. Rg8 57. Ra2 58. Qg5 59. Qf2 60. Nxg4 61. hxg4 62.
Qxg4+ 63. Kh1 64. Qd1+ 65. Qf1 66. Qxf1+ 67. Rxf1 68. Rg3 69. Rg1 70. Rh3+ 71.
Rh2 72. Rxh2+ 73. Kxh2 74. Bd7 75. Nd2 76. Rg8 77. Rxg8 78. Kxg8 79. Kg3 80. Kg7
81. Nf3 82. Bc6 83. Nh4 84. d5 85. exd5 86. Bxd5 87. e4 88. Be6 89. Kf3 90. Bb3
91. d4 92. exd4 93. cxd4 94. Kf6 95. Kf4 96. Ke6 97. Nf5 98. Bc4 99. Ne3 100.
Bb3 101. d5+ 102. Kd7 103. Ke5 104. c6 105. dxc6+ 106. Kxc6 107. Nf5 108. Be6
109. Nh6 110. Kd7 111. Nf5 112. Kc6 113. Ne3 114. Ba2 115. Nd1 116. Bb3 117. Nf2
118. Bc4 119. Kd4 120. Be6 121. Nd3 122. Bc8 123. Ke5 124. Kb6 125. Kf6 126. Bb7
127. Nc5 128. Bxe4 129. Nxe4 130. Kc6 131. Kxf7 132. Kd5 133. Nc5 134. a5 135.
Ke7 136. axb4 137. axb4 138. Kc6 139. Ke6 140. Kc7 141. Kd5 142. Kb6 143. Kd6
1-0

[Event "Druzynowe Mistrzostwa Polski Juniorow - II liga"]
[Site "Sypniewo k. Jastrowia"]
[Date "2023-06-19"]
[Round "6.5"]
[White "Banasiak, Adrianna"]
[Black "Goraj, Barbara"]
[Result "1/2-1/2"]
[WhiteTitle "I"]
[BlackTitle "WCM"]
[WhiteElo "1507"]
[BlackElo "2176"]

1. e4 2. c6 3. d4 4. d5 5. exd5 6. cxd5 7. Nf3 8. Nc6 9. Be3 10. Nf6 11. h3 12.
g6 13. Be2 14. Bg7 15. O-O 16. O-O 17. Ne5 18. Qd6 19. Nd3 20. Ne4 21. c3 22.
Bf5 23. Nd2 24. Na5 25. Nxe4 26. dxe4 27. Bf4 28. Qb6 29. Nb4 30. Rfd8 31. Qa4
32. a6 33. Be3 34. Qc7 35. Rfd1 36. b5 37. Qc2 38. Nc4 39. Bxc4 40. Qxc4 41. a3
42. a5 43. Na2 44. Qc6 45. Nc1 46. Be6 47. Nb3 48. f5 49. Nc5 50. Bf7 51. b4 52.
a4 53. Bg5 54. h6 55. Bf4 56. Rd5 57. Rd2 58. g5 59. Be5 60. Bxe5 61. dxe5 62.
Rxe5 63. Rad1 64. Bd5 65. Rd4 66. Rc8 67. Qd2 68. e6 69. g3 70. Rf8 71. Kh2 72.
f4 73. Re1 74. fxg3+ 75. fxg3 76. Ref5 77. Re2 78. Rf3 79. Nxe4 80. Bxe4 81. Rdxe4
82. Qxe4 83. Rxe4 84. Rf2+ 85. Qxf2 86. Rxf2+ 87. Kg1 88. Rf3 89. Kg2 90. Rxc3
91. Rxe6 92. Rxa3 93. Rb6 94. Rb3 95. Rxb5 96. Kf7 97. g4 98. Ke6 99. Rb6+ 100.
Kd5 101. Rxh6 102. Kc4 103. h4 104. gxh4 105. Rxh4 106. a3 107. g5+ 108. Kb5 109.
Rh8 110. Kxb4 111. Rb8+ 112. Kc3 113. Rxb3+ 114. Kxb3 115. g6 116. a2 117. g7
1/2-1/2

[Event "Druzynowe Mistrzostwa Polski Juniorow - II liga"]
[Site "Sypniewo k. Jastrowia"]
[Date "2023-06-19"]
[Round "6.7"]
[White "Rychlik, Michal"]
[Black "Kolodziejski, Piotr"]
[Result "0-1"]
[WhiteTitle "I"]
[BlackTitle "k"]
[WhiteElo "1839"]
[BlackElo "2049"]

1. d4 2. Nf6 3. c4 4. e6 5. g3 6. d5 7. Nf3 8. Bb4+ 9. Bd2 10. Be7 11. Bg2 12.
O-O 13. Qc2 14. b6 15. b3 16. Bb7 17. O-O 18. Nbd7 19. Nc3 20. c5 21. cxd5 22.
exd5 23. dxc5 24. bxc5 25. Nh4 26. Re8 27. Nf5 28. Bf8 29. Bg5 30. Qc8 31. e3
32. h6 33. Bf4 34. Qc6 35. Rfd1 36. Nb6 37. a4 38. Rad8 39. g4 40. Rd7 41. Qe2
42. Qe6 43. Nb5 44. Ba6 45. Qf3 46. Bxb5 47. axb5 48. Ne4 49. Ra5 50. Kh7 51.
Qe2 52. Nc3 53. Qd3 54. Nxd1 55. Nd6+ 56. Kg8 57. Nxe8 58. Nxf2 59. Kxf2 60. Qxe8
61. Ra2 g6 62. Rc2 63. Qe6 64. Bf3 65. Qf6 66. Kg2 67. Kh7 68. Bg3 69. Bd6 70.
Bxd6 71. Qxd6 72. h4 73. Qe7 74. h5 75. c4 76. hxg6+ 77. fxg6 78. bxc4 79. Nxc4
80. Re2 0-1

[Event "Druzynowe Mistrzostwa Polski Juniorow - II liga"]
[Site "Sypniewo k. Jastrowia"]
[Date "2023-06-19"]
[Round "6.8"]
[White "Kejna, Piotr"]
[Black "Haluja, Wiktor"]
[Result "1-0"]
[WhiteTitle "CM"]
[BlackTitle "II+"]
[WhiteElo "1991"]
[BlackElo "1573"]

1. e4 2. c6 3. d4 4. d5 5. Nc3 6. dxe4 7. Nxe4 8. Bf5 9. Ng3 10. Bg6 11. h4 12.
h6 13. Nh3 14. Nf6 15. Nf4 16. Bh7 17. Bc4 18. e6 19. c3 20. Bd6 21. Nfh5 22.
O-O 23. Bg5 24. Be7 25. Bxf6 26. Bxf6 27. Qg4 28. Nd7 29. O-O-O 30. Qa5 31. Rhe1
32. b5 33. Bb3 34. b4 35. c4 36. Bg6 37. c5 38. Qd8 39. Nf4 40. Bf5 41. Nxf5 42.
exf5 43. Qxf5 44. Kh8 45. Bc2 46. g6 47. Nxg6+ 48. fxg6 49. Qxg6 50. Bg5+ 51.
Kb1 52. Nf6 53. hxg5 1-0

[Event "Druzynowe Mistrzostwa Polski Juniorow - II liga"]
[Site "Sypniewo k. Jastrowia"]
[Date "2023-06-19"]
[Round "6.9"]
[White "Majcher, Igor"]
[Black "Komendecki, Antoni"]
[Result "1/2-1/2"]
[WhiteTitle "I"]
[BlackTitle "I++"]
[WhiteElo "1732"]
[BlackElo "1965"]

1. e4 2. c5 3. Nf3 4. Nc6 5. d4 6. cxd4 7. Nxd4 8. Nf6 9. Nc3 10. d6 11. Bg5 12.
e6 13. Qd2 14. a6 15. O-O-O 16. Qc7 17. Bxf6 18. gxf6 19. f4 20. Bd7 21. f5 22.
Ne5 23. Bd3 24. Qb6 25. Be2 26. h5 27. Kb1 28. O-O-O 29. Rhf1 30. Be7 31. fxe6
32. fxe6 33. Nf5 34. Bf8 35. Nxd6+ 36. Bxd6 37. Qxd6 38. Qxd6 39. Rxd6 40. Rdg8
41. Rf2 42. h4 43. Rd1 44. Rh6 45. h3 Rhg6 46. Bf1 47. Kd8 48. Rf4 49. Rh6 50.
Re1 51. Ke7 52. Nd1 53. Ng6 54. Rf2 55. Rh5 56. Ne3 57. Rg5 58. Ng4 59. Rf8 60.
Bd3 1/2-1/2

[Event "Druzynowe Mistrzostwa Polski Juniorow - II liga"]
[Site "Sypniewo k. Jastrowia"]
[Date "2023-06-19"]
[Round "6.10"]
[White "Kawulski-chodkiewicz, Alexander"]
[Black "Bilochenko, Matvii"]
[Result "1-0"]
[WhiteTitle "I"]
[BlackTitle "II+"]
[WhiteElo "1697"]
[BlackElo "1438"]

1. e4 2. c5 3. Nf3 4. e6 5. d4 6. cxd4 7. Nxd4 8. Nc6 9. Nc3 10. Qc7 11. g3 12.
a6 13. Bg2 14. Nf6 15. O-O 16. Nxd4 17. Qxd4 18. Bc5 19. Bf4 20. d6 21. Qd2 22.
h6 23. Rad1 24. e5 25. Be3 26. Be6 27. Bxc5 28. dxc5 29. Nd5 30. Bxd5 31. exd5
32. Qd6 33. Rfe1 34. O-O 35. Re3 36. b5 37. Qe2 38. Nd7 39. Bh3 40. f5 41. Qh5
42. Kh7 43. Bxf5+ 44. g6 45. Be4 46. Kg7 47. Qg4 48. Rf6 49. c4 50. bxc4 51. Rde1
52. Re8 53. Bg2 54. Ref8 55. Bh3 56. R8f7 57. Qxc4 58. Nb6 59. Qxa6 60. Qxd5 61.
Bg2 62. Qd4 63. Qd3 64. Rxf2 65. Qxd4 66. exd4 67. Rb3 68. R2f6 69. Rd3 70. Rd7
71. b3 72. Rc7 73. b4 74. cxb4 75. Rxd4 76. Ra7 77. Rxb4 78. Rxa2 79. Reb1 80.
Rff2 81. Bc6 82. Nc8 83. Rb7+ 84. Kf6 85. Bd5 86. Rad2 87. Rf7+ 88. Ke5 89. Rxf2
90. Rxd5 91. Re1+ 92. Kd6 93. Rf6+ 94. Kd7 95. Rxg6 96. h5 97. Rg7+ 98. Kd6 99.
Rg8 100. Rc5 101. Rg6+ 102. Kd7 103. h4 104. Nd6 105. Rd1 106. Rc6 107. Rg5 108.
Rc3 109. Kh2 110. Kc7 111. Rxh5 112. Ne4 113. Rg1 114. Nf2 115. Rf5 116. Rc2 117.
Rxf2 118. Rxf2+ 119. Rg2 120. Rf3 121. Rd2 1-0

[Event "Druzynowe Mistrzostwa Polski Juniorow - II liga"]
[Site "Sypniewo k. Jastrowia"]
[Date "2023-06-19"]
[Round "6.11"]
[White "Lopusiewicz, Marta"]
[Black "Romejko, Jagoda"]
[Result "0-1"]
[WhiteTitle "II+"]
[BlackTitle "I"]
[WhiteElo "1153"]
[BlackElo "1525"]

1. e4 2. d5 3. exd5 4. Qxd5 5. Nc3 6. Qd6 7. d4 8. Nf6 9. Nf3 10. c6 11. Bc4 12.
Bf5 13. Ne5 14. e6 15. g4 16. Bg6 17. h4 18. Nbd7 19. Nxd7 20. Qxd7 21. Be3 22.
Bb4 23. h5 24. Be4 25. f3 26. Bd5 27. Bxd5 28. Nxd5 29. Qd3 30. O-O-O 31. Rd1
32. Nxe3 33. Qxe3 34. e5 35. d5 36. cxd5 37. Qxa7 38. Qc6 39. Ke2 40. Qc4+ 41.
Ke1 42. d4 43. a3 44. dxc3 45. Rxd8+ 46. Rxd8 47. axb4 48. Qxb4 49. bxc3 50. Qxc3+
51. Kf2 52. Rd2+ 53. Kg3 54. e4 55. Rf1 56. Qe5+ 57. f4 58. Qc3+ 59. Kh4 60. Rh2+
61. Kg5 62. Qf6# 0-1

[Event "Druzynowe Mistrzostwa Polski Juniorow - II liga"]
[Site "Sypniewo k. Jastrowia"]
[Date "2023-06-19"]
[Round "6.12"]
[White "Miklosz, Malgorzata"]
[Black "Michalska, Lena"]
[Result "1-0"]
[WhiteTitle "I"]
[BlackTitle "I"]
[WhiteElo "1299"]
[BlackElo "1461"]

1. e4 2. g6 3. d4 4. Bg7 5. Nc3 6. d6 7. Bc4 8. a6 9. a4 10. b6 11. f4 12. Bb7
13. Nf3 14. e6 15. Bb3 16. Nd7 17. O-O 18. c5 19. d5 20. e5 21. f5 22. gxf5 23.
exf5 24. Ne7 25. Ng5 26. Nf6 27. Nge4 28. Neg8 29. Bg5 30. h6 31. Bh4 32. Qc7
33. Qd3 34. O-O-O 35. Bc4 36. Kb8 37. Bxa6 38. Rd7 39. Bb5 40. Rd8 41. Ra3 42.
Rf8 43. Rfa1 44. Nxe4 45. Nxe4 46. f6 47. a5 48. Ne7 49. axb6 50. Qc8 51. Nxd6
52. Qd8 53. Ra8+ 1-0

[Event "Druzynowe Mistrzostwa Polski Juniorow - II liga"]
[Site "Sypniewo k. Jastrowia"]
[Date "2023-06-19"]
[Round "6.13"]
[White "Halhoul, Adam"]
[Black "Kulig, Pawel"]
[Result "1/2-1/2"]
[WhiteTitle "I"]
[BlackTitle "I"]
[WhiteElo "1759"]
[BlackElo "1969"]

1. d4 2. Nf6 3. c4 4. g6 5. Nc3 6. d5 7. Bg5 8. Bg7 9. Bxf6 10. Bxf6 11. cxd5 12.
c5 13. Nf3 14. Qb6 15. e3 16. cxd4 17. Bb5+ 18. Bd7 19. Nxd4 20. a6 21. Bxd7+
22. Nxd7 23. Qd2 24. Bxd4 25. exd4 26. O-O 27. O-O 28. Rad8 29. Rfe1 30. Rfe8
31. Re3 32. Nf6 33. Rh3 34. h5 35. Re1 36. Nxd5 37. Nxd5 38. Rxd5 39. Rb3 40.
Qa7 41. Qf4 42. b5 43. Rd3 44. Red8 45. h3 46. e6 47. Qf6 48. Qd7 49. g4 50. Rc8
51. Rc3 52. b4 53. Rg3 54. h4 55. Qxh4 56. Rxd4 57. Qf6 58. Rd1 59. Rxd1 60. Qxd1+
61. Kh2 62. a5 63. Rf3 64. Qd7 65. h4 66. Qd6+ 67. Kg2 68. Qf8 69. h5 70. Qg7
71. hxg6 72. Qxg6 73. Qxg6+ 74. fxg6 75. Re3 76. Kf7 77. Kf3 1/2-1/2

[Event "Druzynowe Mistrzostwa Polski Juniorow - II liga"]
[Site "Sypniewo k. Jastrowia"]
[Date "2023-06-19"]
[Round "6.14"]
[White "Ochalik, Filip"]
[Black "Bednarczyk, Mateusz"]
[Result "1/2-1/2"]
[WhiteTitle "I"]
[BlackTitle "I"]
[WhiteElo "1697"]
[BlackElo "1681"]

1. d4 2. d5 3. c4 4. e6 5. Nc3 c6 6. e3 7. Nf6 8. Nf3 9. Be7 10. Qc2 11. O-O 12.
b3 13. Nbd7 14. Bd3 15. b6 16. O-O 17. Bb7 18. Bb2 19. h6 20. Rfd1 21. Rc8 22.
a4 23. c5 24. a5 25. dxc4 26. bxc4 27. Bxf3 28. gxf3 29. cxd4 30. exd4 31. Nh5
32. axb6 33. axb6 34. Kh1 35. Bd6 36. Ne4 37. Bb8 38. Rg1 39. Qc7 40. Ng3 41.
Nf4 42. Rac1 43. h5 44. d5 45. Ne5 46. Be2 47. exd5 48. Nxh5 49. Nxh5 50. Qf5
51. Nxf3 52. Qxh5 53. Nxg1 54. Rxg1 55. f6 56. Rg3 57. Qf7 58. Rg6 59. dxc4 60.
Bxf6 61. Qxg6 62. Qxg6 63. Rxf6 64. Qe4 1/2-1/2